[Event "Chigorin Memorial 27th"]
[Site "St Petersburg"]
[Date "2019.10.10"]
[Round "6"]
[White "Davidov, Alexey"]
[Black "Guseva, Oksana"]
[Result "0-1"]
[WhiteElo "1658"]
[BlackElo "1925"]
[PlyCount "64"]
[EventDate "2019.10.05"]
[EventType "swiss"]
[EventRounds "9"]
[EventCountry "RUS"]
[SourceTitle "EXT 2020"]
[Source "ChessBase"]
[SourceDate "2019.10.17"]
[SourceVersion "1"]
[SourceVersionDate "2019.10.17"]
[SourceQuality "1"]

1. e4 c5 2. Nf3 Nc6 3. Bb5 a6 4. Bxc6 dxc6 5. h3 Nf6 6. d3 g6 7. 0-0 Bg7 8. Nc3 0-0 9. a4 Qc7 10. Be3 Nd7 11. Qc1 b6 12. Bh6 Ne5 13. Nh2 f6 14. Bxg7 Kxg7 15. f4 Nf7 16. Ne2 Qd6 17. Qe3 Ra7 18. Rf3 e5 19. Raf1 exf4 20. Rxf4 Ne5 21. Kh1 Raf7 22. Qg3 f5 23. exf5 Bxf5 24. Nf3 Nxf3 25. R1xf3 Qe5 26. Re3 Qxb2 27. c3 Qb3 28. Rc4 Qd1+ 29. Kh2 Bxd3 30. Qe5+ Kg8 31. Rh4 Bxe2 32. Rxe2 Qd5 0-1

[Event "Chigorin Memorial 27th"]
[Site "St Petersburg"]
[Date "2019.10.07"]
[Round "3"]
[White "Guseva, Oksana"]
[Black "Vetokhina, Sofia"]
[Result "0-1"]
[WhiteElo "1925"]
[BlackElo "1589"]
[PlyCount "64"]
[EventDate "2019.10.05"]
[EventType "swiss"]
[EventRounds "9"]
[EventCountry "RUS"]
[SourceTitle "EXT 2020"]
[Source "ChessBase"]
[SourceDate "2019.10.17"]
[SourceVersion "1"]
[SourceVersionDate "2019.10.17"]
[SourceQuality "1"]

1. e4 c5 2. Nf3 Nc6 3. d4 cxd4 4. Nxd4 Nf6 5. Nc3 e6 6. Be3 Bb4 7. Bd3 d5 8. exd5 Nxd5 9. Nxc6 Bxc3+ 10. bxc3 bxc6 11. Bd2 Qf6 12. c4 Qe5+ 13. Be2 Nc3 14. Bxc3 Qxc3+ 15. Kf1 Ba6 16. f3 Bxc4 17. Bxc4 Qxc4+ 18. Qd3 Qxd3+ 19. cxd3 Kd7 20. Ke2 Rab8 21. Rab1 Rb6 22. Rxb6 axb6 23. Rb1 Kc7 24. Kd2 Ra8 25. Rb2 Ra3 26. Ke3 b5 27. Rd2 Kd6 28. g4 Kd5 29. h4 e5 30. Rb2 Ra4 31. Rc2 g6 32. Rb2 f5 0-1

[Event "Chigorin Memorial 27th"]
[Site "St Petersburg"]
[Date "2019.10.06"]
[Round "2"]
[White "Lezina, Anna"]
[Black "Guseva, Oksana"]
[Result "1-0"]
[WhiteElo "1542"]
[BlackElo "1925"]
[PlyCount "99"]
[EventDate "2019.10.05"]
[EventType "swiss"]
[EventRounds "9"]
[EventCountry "RUS"]
[SourceTitle "EXT 2020"]
[Source "ChessBase"]
[SourceDate "2019.10.17"]
[SourceVersion "1"]
[SourceVersionDate "2019.10.17"]
[SourceQuality "1"]

1. e4 e6 2. d4 d5 3. Nd2 Nf6 4. e5 Nfd7 5. Bd3 c5 6. c3 cxd4 7. cxd4 Nc6 8. Ne2 Qb6 9. Nf3 f6 10. exf6 Nxf6 11. 0-0 Bd6 12. Bf4 Qc7 13. Bxd6 Qxd6 14. Re1 0-0 15. Ng3 Bd7 16. Ne5 Nxd4 17. Bxh7+ Nxh7 18. Qxd4 Be8 19. Rac1 Nf6 20. Ne4 Nxe4 21. Rxe4 Qe7 22. Re2 Bh5 23. Rec2 Qg5 24. Rc7 Rf5 25. Nd3 Rf7 26. Rc8+ Rxc8 27. Rxc8+ Kh7 28. Qxa7 Be2 29. Qd4 Qd2 30. Qh4+ Kg6 31. Qg3+ Kh7 32. Qh3+ Qh6 33. Qxh6+ gxh6 34. Nb4 d4 35. Rd8 e5 36. Rd5 Re7 37. f3 Kg6 38. b3 Re6 39. Kf2 Ba6 40. g3 Kf6 41. h4 Kg6 42. g4 Kf6 43. h5 Kg5 44. Nxa6 bxa6 45. Kg3 Kf6 46. f4 exf4+ 47. Kxf4 Re2 48. Rd6+ Kg7 49. Rxa6 d3 50. Rd6 1-0